00462 2200181 4500001002100000005001500021008004100036035001900077041000600096082000800102090001400110100001200124700002000136245001800156260007100174300002400245650001100269INLIS00000000000271520241224112605241224||||||||| | ||| |||| ||  0010-1224002715 a00 a819 a819 SOP m0 aSopudin0 aRosid Adissmita00aMurid Motekar aSukabumibDinas pendidikan Dan Kebudayaan Kabupaten Sukabumic2005 a77 hlm;16 x 22.5 cm 0aSastra